AH International Schools' Libraries

The what on earth? Wallbook of Sport: (Record no. 48261)

MARC details
000 -LEADER
fixed length control field 00506nam a2200145 4500
020 ## - INTERNATIONAL STANDARD BOOK NUMBER
International Standard Book Number 9780993019975
245 ## - TITLE STATEMENT
Title The what on earth? Wallbook of Sport:
Remainder of title From the Ancient Olympics to the Present Day /
Statement of responsibility, etc Christopher Lloyd.
260 ## - PUBLICATION, DISTRIBUTION, ETC. (IMPRINT)
Place of publication, distribution, etc Kent, United Kingdom:
Date of publication, distribution, etc 2015.
300 ## - PHYSICAL DESCRIPTION
Extent unpaged.
Other physical details col. ill.
Dimensions 35 cm.
650 ## - SUBJECT ADDED ENTRY--TOPICAL TERM
Topical term or geographic name as entry element Timeline of sports.
9 (RLIN) 85985
700 ## - ADDED ENTRY--PERSONAL NAME
Personal name Brian Oliver.
9 (RLIN) 85986
700 ## - ADDED ENTRY--PERSONAL NAME
Personal name Patrick Skipworth.
9 (RLIN) 85987
700 ## - ADDED ENTRY--PERSONAL NAME
Relator code illustrator.
Personal name Andy Forshaw.
9 (RLIN) 85988
942 ## - ADDED ENTRY ELEMENTS (KOHA)
Source of classification or shelving scheme
Koha item type Reference Shelf
Holdings
Withdrawn status Lost status Source of classification or shelving scheme Damaged status Not for loan Collection code Home library Current library Shelving location Date acquired Full call number Barcode Date last seen Price effective from Koha item type
          Reference Asian Hope Secondary Library Asian Hope Secondary Library SECONDARY 01/29/2025 902.2 LLO 206674 01/16/2026 01/29/2025 Reference Shelf

For any Logos Library related questions please contact Miss Art at swongnarasuk@asianhope.org.

For any Asian Hope Library related questions please contact Miss Raza at graza@asianhope.org.

Powered by Koha